000
00329nam a2200157Ia 4500
100
_a
Chandran/R
942
_c
BK
366
_f
15
654
_a
Business
245
_a
International Business
260
_b
Jaico Publishing House
_a
Mumbai
_c
2005
082
_a
658.1149/CHA
300
_a
271
546
_a
ENGLISH
999
_c
22083
_d
22083